Southville International School and Colleges
Your cart is empty.
  • Cart
  • Lists
    Public lists Eva Luna New books Lux_list list_1
    Your lists Log in to create your own lists
  • Log in to your account
  • Your cookies
  • Search history
Southville International School and Colleges
  • Advanced search
  • Recent comments
  • Most popular
  • Libraries

Log in to your account

Log in with GOOGLE


If you do not have an external account, but do have a local account, you can still log in:

  1. Home
  2. MARC view: Birds /
Normal view MARC view ISBD view

Birds / (Record no. 105716)

[ view plain ]
MARC details
000 -LEADER
fixed length control field 00477nam a2200181 a 4500
005 - DATE AND TIME OF LATEST TRANSACTION
control field 20140412111412.0
008 - FIXED-LENGTH DATA ELEMENTS--GENERAL INFORMATION
fixed length control field 070221s19uu xx 00 eng d
020 ## - INTERNATIONAL STANDARD BOOK NUMBER
International Standard Book Number 1-84236-108-2
050 ## - LIBRARY OF CONGRESS CALL NUMBER
Classification number M 598
Item number J63 2002
100 ## - MAIN ENTRY--PERSONAL NAME
Personal name Johnson, Jinny
245 ## - TITLE STATEMENT
Title Birds /
Statement of responsibility, etc Jinny Johnson.
260 ## - PUBLICATION, DISTRIBUTION, ETC. (IMPRINT)
Place of publication, distribution, etc Hongkong :
Name of publisher, distributor, etc Miles kelly,
Date of publication, distribution, etc 2002.
300 ## - PHYSICAL DESCRIPTION
Extent 39
440 ## - SERIES STATEMENT/ADDED ENTRY--TITLE
Title Great little fact books
500 ## - GENERAL NOTE
General note Includes index
650 ## - SUBJECT ADDED ENTRY--TOPICAL TERM
Topical term or geographic name as entry element Birds - Juvenile literature
Holdings
Withdrawn status Lost status Damaged status Use restrictions Home library Current library Shelving location Date acquired Source of acquisition Total Checkouts Full call number Barcode Date last seen Price effective from Koha item type
        Elizalde Library Elizalde Library Main Section 02/21/2007     M 598 J63 2002 E10559 04/12/2014 04/12/2014 Books

Birds /

APA

Johnson J., . (2002). Birds. Hongkong: Miles kelly.

Chicago

Johnson Jinny, . 2002. Birds. Hongkong: Miles kelly.

Harvard

Johnson J., . (2002). Birds. Hongkong: Miles kelly.

MLA

Johnson Jinny, . Birds. Hongkong: Miles kelly. 2002.

  • Place hold
  • Print
  • Cite
  • Add to your cart (remove)
  • Save record
    BIBTEX Dublin Core MARCXML MARC (non-Unicode/MARC-8) MARC (Unicode/UTF-8) MARC (Unicode/UTF-8, Standard) MODS (XML) RIS
  • More searches
    Search for this title in:
    Other Libraries (WorldCat) Other Databases (Google Scholar) Online Stores (Bookfinder.com) Open Library (openlibrary.org)

Exporting to Dublin Core...

SOUTHVILLE LIBRARY

Southville International School and Colleges Library

1281 Tropical Ave. Cor. Luxembourg St., BF Homes International, Las Pinas City

Tel. No. 8256374 / 252358 Loc. 117/146

Powered by Koha